000 01093cam a22003257a 4500
003 CHAP
005 20220329141216.0
008 971010s1987 r 00010 d
010 _a64386
011 _a65358
035 _a72022
040 _cCHAP
082 _a582.2
_bF37
100 0 0 _aFarrand, John,.
_939799
245 1 4 _aThe Audubon Society master guide to birding
260 _aNew York :
_bAlfred A. Knoff,
_c1987
300 _a3 v.
_b: ilus.
505 _aContenido: v.1 Loons to sandpipers; v.2 Gulls to dippers; v.3 Old world warblers to sparrows
590 _aBATCH-UPD
_b10
_c20130110
_lUCH01
_h2120
590 _aBATCH-UPD
_b10
_c20130410
_lUCH01
_h1430
590 _aBATCH-UPD
_b10
_c20130914
_lUCH01
_h1551
590 _aCONVERSION
_b10
_c20130109
_lUCH01
_h1335
650 1 4 _aAves
_98590
650 1 4 _aOrnitología.
_983617
901 _aBK
942 _cLIBRO
949 _a582.2 F37
_bBC
_cLIBRO
_d-4705
_eLIBRO
_fv.1
_h4813
_i72022
_si
949 _a582.2 F37
_bBC
_cLIBRO
_d-54968
_eLIBRO
_fv.2
_h4814
_i72022
_si
949 _a582.2 F37
_bBC
_cLIBRO
_d-54969
_eLIBRO
_fv.3
_h4815
_i72022
_si
999 _c64386
_d64386